Central Library OPAC University of Rajshahi

সমাজতত্ত্ব / (Record no. 81779)

MARC details
000 -LEADER
fixed length control field 00914nam a2200253 a 4500
001 - CONTROL NUMBER
control field 81779
003 - CONTROL NUMBER IDENTIFIER
rucl marc code BD-RjUL
005 - DATE AND TIME OF LATEST TRANSACTION
control field 20230827113710.0
008 - FIXED-LENGTH DATA ELEMENTS--GENERAL INFORMATION
fixed length control field 230827s2013 bg ||||| |||| 00| 0 ben d
020 ## - INTERNATIONAL STANDARD BOOK NUMBER
International Standard Book Number 9847020500421
035 ## - SYSTEM CONTROL NUMBER
System control number (BD-RjUL)81779
040 ## - CATALOGING SOURCE
Original cataloging agency BD-RjUL
Language of cataloging eng
Transcribing agency BD-RjUL
041 ## - LANGUAGE CODE
Language code of text/sound track or separate title ben
082 ## - DEWEY DECIMAL CLASSIFICATION NUMBER
Edition number 23
Classification number 301
Author mark and year ALS 2013
100 ## - MAIN ENTRY--PERSONAL NAME
Personal name আলি, এ. এফ. ইমাম
9 (RLIN) 8595
245 10 - TITLE STATEMENT
Title সমাজতত্ত্ব /
Statement of responsibility, etc. এ. এফ. ইমাম আলি
250 ## - EDITION STATEMENT
Edition statement পরিমার্জিত ও পরিবর্ধিত ৪র্থ সং.
260 ## - PUBLICATION, DISTRIBUTION, ETC. (IMPRINT)
Place of publication, distribution, etc. ঢাকা :
Name of publisher, distributor, etc. নভেল পাবলিশিং হাউস,
Date of publication, distribution, etc. ২০১৩
300 ## - PHYSICAL DESCRIPTION
Pagination ৩২০ পৃ.;
Size ২২ সেমি.
504 ## - BIBLIOGRAPHY, ETC. NOTE
Bibliography, etc গ্রন্থপঞ্জি সংযুক্ত।
650 ## - SUBJECT ADDED ENTRY--TOPICAL TERM
Topical term or geographic name as entry element সমাজবিজ্ঞান
9 (RLIN) 8596
Topical term or geographic name as entry element Sociology
942 ## - ADDED ENTRY ELEMENTS (KOHA)
Source of classification or shelving scheme Dewey Decimal Classification
Koha item type Books
Holdings
Lost status Source of classification or shelving scheme Damaged status Not for loan Collection code Permanent Location Current Location Shelving location Date acquired Source of acquisition Cost, normal purchase price Total Checkouts Full call number Date last seen Copy number Koha item type Date checked out
  Dewey Decimal Classification   Not For Loan Non-fiction Central Library, University of Rajshahi Central Library, University of Rajshahi Reading Room 07/06/2023 Rajshahi : Biddasagar 202.50   B 301 ALS 2013 27/08/2023 C-1 Books  
  Dewey Decimal Classification     Non-fiction Central Library, University of Rajshahi Central Library, University of Rajshahi General Stacks 07/06/2023 Rajshahi : Biddasagar 202.50 2 B 301 ALS 2013 16/09/2025 C-2 Books 02/09/2025
  Dewey Decimal Classification     Non-fiction Central Library, University of Rajshahi Central Library, University of Rajshahi General Stacks 07/06/2023 Rajshahi : Biddasagar 202.50   B 301 ALS 2013 27/08/2023 C-3 Books